Bundesliga Abschlusstabelle 2017/18 - Statistiken

Allgemein
  • Dieses Quiz wurde 103 mal gespielt
  • Das Durchschnittsergebnis liegt bei 7 aus 18
Antwortstatistiken
Platzierung Mannschaft % Korrekt
1 FC Bayern München
100%
2 FC Schalke 04
85%
4 Borussia Dortmund
69%
5 Bayer 04 Leverkusen
57%
3 TSG Hoffenheim
50%
6 RB Leipzig
42%
17 Hamburger SV
38%
16 VfL Wolfsburg
33%
18 1. FC Köln
31%
9 Borussia Mönchengladbach
29%
12 FC Augsburg
27%
14 1. FSV Mainz 05
24%
10 Hertha BSC
23%
7 VfB Stuttgart
22%
11 Werder Bremen
22%
15 SC Freiburg
21%
8 Eintracht Frankfurt
14%
13 Hannover 96
12%
Keine übereinstimmenden Quizze gefunden
Verteilung der Resultate
Anzahl Personen mit jedem Resultat
Perzentil nach korrekt beantworteten Fragen
Ihre Resultats-Entwicklung
Sie haben dieses Quiz noch nicht gespielt